00946nam a22002537a 450000500170000001000130001702000100003003500130004003700160005304000120006908200180008124501270009926000700022627000300029630000200032650000210034665000270036765000230039470000270041770000250044494200270046999900190049695201770051520170124110008.0 aB-017743 c00.00 aB-017743 bCen Lib/Ret aDPLbEN a363.1784bTOX aToxicology and environmental health :cedited by S. B. Vohora [and] V. P. Agarwwal bproccedings of a national symposium / aNew DelhibDepartment of medical elementary and toxicology c1999 bNew DelhiaJamia Hamdard  a391p.c23cm(Hb) a Includes index  aHealth science 916285 aToxicology 917261 aVohora, S. B. 975181 aAgrwal, V. P.917262 2ddccENh363.1784mTOX c126335d126335 04104070aLbLd2015-06-25eCen Lib/Retg0.00l1o363.1784 TOXpB-017743r2018-03-05 00:00:00s2018-02-28t1v0.00w2015-06-25yENzW/d List No. 6868/20 ; dtd 11/08/2020